| 000 | 00538nam a2200193Ia 4500 | ||
|---|---|---|---|
| 999 |
_c8682 _d8682 |
||
| 003 | OSt | ||
| 005 | 20201008092152.0 | ||
| 008 | 190216s9999||||xx |||||||||||||| ||und|| | ||
| 020 | _a9788120311657 | ||
| 040 | _coclc | ||
| 082 |
_a004.6 _bTAN/C |
||
| 100 |
_aTanenbaum, Andrew S _95418 |
||
| 245 | 0 |
_aComputer Networks / _cAndrew S Tanenbaum |
|
| 250 | _a3rd Ed. | ||
| 260 |
_bPrentice Hall Of India, _c2001. _aNew Delhi: |
||
| 300 | _a813p | ||
| 650 | _aComputer | ||
| 942 |
_cBK _2ddc _h004.6 _iTAN/C _k004.6 _mTAN/C |
||